Normal view MARC view
  • Polar, Homero

Entry Nombre Personal

Number of records used in: 1

001 - NUMERO DE CONTROL

  • campo de control: 45668

003 - IDENTIFICADOR DE NUMERO DE CONTROL

  • campo de control: UPN

005 - FECHA Y HORA DE LA ÜLTIMA TRANSACCIÓN

  • campo de control: 20220810195049.0

008 - DATOS DE LONGITUD FIJA

  • campo de control de longitud fija: 220810nn acannaabn n aaa d

040 ## - FUENTE DE CATALOGACIÓN

  • Agencia original de catalogación: UPN

053 #4 - NÚMERO DE CLASIFICACIÓN LC

  • Número de clasificación elemento-número único o número inicial de tramo: PQ6716 O42

100 1# - ENCABEZAMIENTO - NOMBRE PERSONAL

  • Nombre personal: Polar, Homero

670 ## - FUENTE EN LA QUE SE LOCALIZARON DATOS

  • Cita de la fuente: T
  • Uniform Resource Identifier: https://www.todostuslibros.com/autor/homero-polar

680 ## - NOTA PUBLICA DE ACCESO PÚBLICO

  • Frase explicativa de la referencia: Periodista y escritor español

902 ## - CATALOGADOR

  • Catalogador: CAA/100822